<?xml version="1.0" encoding="UTF-8"?>
<record
    xmlns:xsi="http://www.w3.org/2001/XMLSchema-instance"
    xsi:schemaLocation="http://www.loc.gov/MARC21/slim http://www.loc.gov/standards/marcxml/schema/MARC21slim.xsd"
    xmlns="http://www.loc.gov/MARC21/slim">

  <leader>01023nam a2200217 i 4500</leader>
  <controlfield tag="001">186087</controlfield>
  <controlfield tag="003">ES-MaACL</controlfield>
  <controlfield tag="005">20250927121604.0</controlfield>
  <controlfield tag="008">160907s1935    fr           |||| | fre d</controlfield>
  <datafield tag="100" ind1="1" ind2=" ">
    <subfield code="a">Balzac, Honor&#xE9; de,</subfield>
    <subfield code="d">1799-1850</subfield>
    <subfield code="9">25139</subfield>
  </datafield>
  <datafield tag="245" ind1="1" ind2="3">
    <subfield code="a">La com&#xE9;die humaine. </subfield>
    <subfield code="n">I,</subfield>
    <subfield code="p">&#xC9;tudes des moeurs. Sc&#xE8;nes de la vie priv&#xE9;e. I / </subfield>
    <subfield code="c">Balzac ; texte &#xE9;tabli et pr&#xE9;fac&#xE9; par Marcel Bouteron.</subfield>
  </datafield>
  <datafield tag="260" ind1=" " ind2=" ">
    <subfield code="a">[Paris] : </subfield>
    <subfield code="b">&#xC9;d. de la Nouvelle Revue fran&#xE7;aise, </subfield>
    <subfield code="c">1935.</subfield>
  </datafield>
  <datafield tag="300" ind1=" " ind2=" ">
    <subfield code="a">XXXV, 1065 p. ; </subfield>
    <subfield code="c">18 cm.</subfield>
  </datafield>
  <datafield tag="490" ind1="1" ind2=" ">
    <subfield code="a">Biblioth&#xE8;que de la Pl&#xE9;iade ; </subfield>
    <subfield code="v">26</subfield>
  </datafield>
  <datafield tag="505" ind1="8" ind2=" ">
    <subfield code="a">Contiene: La maison du Chat-qui-pelote ; Le bal de Sceaux ; M&#xE9;moires de deux jeunes mari&#xE9;es ; La bourse ; Modeste Mignon ; Un d&#xE9;but dans la vie ; Albert Savarus ; La Vendetta ; Une double famille ; La paix du m&#xE9;nage ; Madame Firmiani ; &#xC9;tude de femme</subfield>
  </datafield>
  <datafield tag="700" ind1="1" ind2=" ">
    <subfield code="a">Bouteron, Marcel, </subfield>
    <subfield code="d">1877-1962</subfield>
    <subfield code="9">160767</subfield>
  </datafield>
  <datafield tag="830" ind1="0" ind2=" ">
    <subfield code="a">Biblioth&#xE8;que de la Pl&#xE9;iade ; </subfield>
    <subfield code="v">26</subfield>
    <subfield code="9">180233</subfield>
  </datafield>
  <datafield tag="852" ind1=" " ind2=" ">
    <subfield code="a">ES-MaACL</subfield>
    <subfield code="j">E-5146</subfield>
  </datafield>
  <datafield tag="942" ind1=" " ind2=" ">
    <subfield code="2">udc</subfield>
  </datafield>
  <datafield tag="999" ind1=" " ind2=" ">
    <subfield code="c">186087</subfield>
    <subfield code="d">186087</subfield>
  </datafield>
  <datafield tag="952" ind1=" " ind2=" ">
    <subfield code="0">0</subfield>
    <subfield code="1">0</subfield>
    <subfield code="4">0</subfield>
    <subfield code="7">0</subfield>
    <subfield code="a">ATENEOM</subfield>
    <subfield code="b">ATENEOM</subfield>
    <subfield code="c">DEPO2</subfield>
    <subfield code="d">2016-09-07</subfield>
    <subfield code="e">SC</subfield>
    <subfield code="l">0</subfield>
    <subfield code="o">E-5146</subfield>
    <subfield code="p">1196192</subfield>
    <subfield code="r">2023-02-23 00:00:00</subfield>
    <subfield code="w">2023-02-23</subfield>
    <subfield code="y">MONOGRAFIA</subfield>
  </datafield>
</record>
